000
00319nam a2200133Ia 4500
005
20260328104312.0
008
260328s9999||||xx |||||||||||||| ||und||
100
_a
Ackerman, Jennifer
245
4
_a
The Genius of Birds /
_c
Jennifer Ackerman
260
_b
Penguin
300
_a
340 p.
650
_a
AVES
942
_c
BK
999
_c
10984
_d
10984